| 000 | 02091cam a22001934a 4500 | ||
|---|---|---|---|
| 005 | 20250605163925.0 | ||
| 008 | 250528s ||||||||||||||||||||||||d | ||
| 035 | _a14519 | ||
| 020 | _a9600207712 | ||
| 040 |
_aGR-AtMCL _bgre _dGR-AtMCL _eAACR2 |
||
| 245 | 1 | _aΕισαγωγή στην Επιστήμη της Ψυχολογίας | |
| 260 |
_bΠαπαζήση, _c1991 |
||
| 300 | _a288 | ||
| 520 | _aΕισαγωγή, Ιστορική Ανασκόπηση, Ζωισμός - Ανιμισμός, Πολυθεισμός, Αρχαίοι Έλληνες - Φιλόσοφοι - Υλοζωισμός, Δομισμός (Structuralism) - Ενδοσκόπηση - Αυτοπαρατήρηση (Introspection), Λειτουργισμός (Functionalism), Ψυχανάλυση, Συμπεριφορισμός (Behaviorism), Η Ψυχολογία σαν Επάγγελμα, Μέθοδοι στην Ψυχολογία, Βιολογία και Συμπεριφορά, Το Νευρικό Σύστημα, Ημισφαίρια - Εγκεφαλικός Φλοιός, Αυτόνομο Νευρικό Σύστημα, Ψυχοφάρμακα, Επιληψία, Δοχοτόμηση του Εγκεφάλου, Ενδοκρινείς Αδένες, Κληρονομικότητα και Περιβάλλον, Γενετικοί Μηχανισμοί, DNA-RNA, Προγενέθλιο Περβάλλον, Το Περιβάλλον Επηρεάζει την Κληρονομικότητα, Γενετική και Συμπεριφορά Ζώων, Αξιολόγηση της Συμβολής ''Κληρονομικότητα-Περιβάλλον'', Πειράματα με τον Άνθρωπο, Έρευνες με Ανθρωποειδή, Εξελικτική, Κλασσική Εξάρτηση, Ενεργός Εξάρτηση, Ομοιότητες και Διαφορές Κλασσικής και Ενεργούς Εξάρτησης, Κοινωνική - Αποστροφική - Ενορατική. | ||
| 700 | 1 |
_aΠασχάλης Αναστάσιος _9219 |
|
| 942 | _cBK | ||
| 999 |
_c147 _d147 |
||